Manajemen media penyiaran strategi mengelola radio dan televisi
Saved in:
| Main Author: | |
|---|---|
| Format: | Book |
| Language: | Indonesian |
| Published: |
Jakarta, Indonesia
Kencana
2011
|
| Edition: | Ed. rev. |
| Subjects: | |
| Tags: |
Add Tag
No Tags, Be the first to tag this record!
|
| Call Number : | HE 8689.8 .M67 2011 |
MARC
| LEADER | 00000nam a2200000 a 4500 | ||
|---|---|---|---|
| 001 | 45033 | ||
| 003 | MY-KLNDU | ||
| 005 | 20241219004520.0 | ||
| 008 | 111222 2011 io a bi 000 0 ind d | ||
| 020 | |a 9789791486330 | ||
| 039 | 9 | |a 201508261207 |b azraai |c 201207131025 |d azraai |c 201206071035 |d shahrim |y 201112221626 |z faizin | |
| 040 | |a UPNM | ||
| 090 | |a HE 8689.8 |b .M67 2011 | ||
| 100 | 1 | |a Morissan, M.A. | |
| 245 | 1 | 0 | |a Manajemen media penyiaran |b strategi mengelola radio dan televisi |c M. A. Morissan |
| 250 | |a Ed. rev. | ||
| 260 | |a Jakarta, Indonesia |b Kencana |c 2011 | ||
| 300 | |a xii, 490 p. |b ill. |c 23 cm | ||
| 592 | |a 00003309 |b 09/05/2012 |c RM89.00 |h PDW | ||
| 650 | 0 | |a Mass media |x Management | |
| 650 | 0 | |a Mass media |z Indonesia |x Management | |
| 999 | |a vtls000046156 |c 45033 |d 45033 | ||


